000 00843nam a2200229 i 4500
001 bg
100 1 _aKARPIŃSKA-MIZIELIŃSKA, Wanda
245 1 0 _aZmiany relacji własnościowych i ich wpływ na poprawę efektywności gospodarowania w długim okresie /
_cWanda Karpińska-Mizielińska, Tadeusz Smuga.
260 _aWarszawa :
_bIRiSS,
_c1997.
300 _a136 s. ;
_c25 cm.
490 1 _aRaporty / Instytut Rozwoju i Studiów Strategicznych,
_x1230-2848 ;
_v64
504 _aStreszcz.
650 9 _aPrywatyzacja
_zPolska
650 9 _aEfektywność ekonomiczna
_xzagadnienia
700 1 _aSMUGA, Tadeusz
830 0 _aRaporty (Instytut Rozwoju i Studiów Strategicznych) ;
_v64
040 _cBPK
041 0 _apl
_bpl
080 _a334.72:658.1/.5:338.242](438)"1989/..."
942 _cKS
008 s pl f |000 0 pol
999 _c32679
_d32679
856 _uhttp://koha.tu.koszalin.pl/cgi-bin/koha/opac-detail.pl?biblionumber=32679
_yKatalog online BPK